000 00392nam a2200157Ia 4500
008 230917s9999||||xx |||||||||||||| ||und||
040 _e75354
_aMAIN
041 _aEnglish
082 _a658.5 G129P
100 _aGaither, Norman
245 0 _aProduction and operations management
250 _a6th ed.
260 _aFort Worth
_bDryden Press
_c1994
300 _axvii, 948 p.
942 _cBK
999 _c67247
_d67247